| 000 | 00778nam a2200205 i 4500 | ||
|---|---|---|---|
| 001 | 100681 | ||
| 003 | ES-MaACL | ||
| 005 | 20230906182726.0 | ||
| 007 | t| | ||
| 008 | 051004s1963 sp ||||1| spa d | ||
| 100 | 1 |
_aMateo Tinao, Mariano. _978968 |
|
| 245 | 1 | 0 |
_aHistoria y servicio de la Beneficencia Municipal de Zaragoza / _cpor el Dr. Mariano Mateo Tinao. |
| 260 |
_aZaragoza : _bInstitución "Fernando el Católico", _c1963. |
||
| 300 |
_a75 p., 5 lám. ; _c24 cm. |
||
| 594 | _aDiputación Provincial. IV Jornadas Médicas Aragonesas. Zaragoza, 1963. | ||
| 650 | 4 |
_aBeneficencia- _zZaragoza. _9172092 |
|
| 710 | 2 |
_aInstitución "Fernando el Católico" _94721 |
|
| 711 | 2 |
_aJornadas Médicas Aragonesas ( _n4º. _d1963. _cZaragoza) _9836 |
|
| 852 |
_aES-MaACL _jC-25818 |
||
| 999 |
_c100681 _d100681 |
||